00510nam a2200193 a 4500001001300000003000900013005001700022008004100039020002300080082002100103100001400124245003000138260004000168300000900208500003500217505002400252700002000276700002000296nice12345678IN_TiNIC20260116014446.0050715s2000 dela grp 000 0 eng  a818735819X c32500a306.0899145bVIR aViramma,  aVirammab Life of a Dalit aDelhi bSocial Science Press c2000 a321p aincludes index and biblioraphy2 abibliography, index1 aJosiane, Racine1 aJean-Luc Racine